[Event "CAN-ch U12 Girls"]
[Site "Quebec"]
[Date "2018.07.04"]
[Round "5.97"]
[White "He, Jiaqi"]
[Black "Surya, Dania"]
[Result "0-1"]
[WhiteElo "1283"]
[BlackElo "1211"]
[PlyCount "50"]
[EventDate "2018.07.02"]
[EventType "swiss"]
[EventRounds "7"]
[EventCountry "CAN"]
[SourceTitle "EXT 2022"]
[Source "ChessBase"]
[SourceDate "2021.10.06"]
[SourceVersion "1"]
[SourceVersionDate "2021.10.06"]
[SourceQuality "1"]

1. e4 d5 2. Nf3 dxe4 3. Ng5 Nf6 4. d3 h6 5. Nxe4 Nxe4 6. dxe4 Qxd1+ 7. Kxd1 e5 8. Nc3 Nc6 9. Bb5 Bd7 10. f4 0-0-0 11. Ke1 Bb4 12. Rf1 Bxc3+ 13. bxc3 Bg4 14. Be3 Rd6 15. h3 Be6 16. a3 Rhd8 17. Ke2 a6 18. Ba4 Bc4+ 19. Kf2 Bxf1 20. Rxf1 exf4 21. Bxf4 Rf6 22. Ke2 g5 23. e5 Rxf4 24. Rxf4 gxf4 25. Bb3 Nxe5 0-1

[Event "CAN-ch U10 Girls"]
[Site "Sault Ste Marie"]
[Date "2017.07.07"]
[Round "3"]
[White "Surya, Dania"]
[Black "Pobereshnikova, Faina"]
[Result "1-0"]
[WhiteElo "918"]
[BlackElo "893"]
[PlyCount "47"]
[EventDate "2017.07.06"]
[EventType "swiss"]
[EventRounds "7"]
[EventCountry "CAN"]
[SourceTitle "EXT 2022"]
[Source "ChessBase"]
[SourceDate "2021.10.06"]
[SourceVersion "1"]
[SourceVersionDate "2021.10.06"]
[SourceQuality "1"]

1. e4 e5 2. Nf3 Nc6 3. Bc4 Bc5 4. c3 Nf6 5. d3 d6 6. h3 Be6 7. Bb5 a6 8. Ba4 0-0 9. Bg5 h6 10. Bh4 Ne7 11. Bxf6 gxf6 12. 0-0 f5 13. Nbd2 Ng6 14. Re1 fxe4 15. Nxe4 Bb6 16. Bc2 Nh4 17. Ng3 Bd5 18. Nxh4 Qxh4 19. d4 exd4 20. Qd3 Kg7 21. Nf5+ Kf6 22. Nxh4 Kg7 23. Qh7+ Kf6 24. Qxh6# 1-0

[Event "Windsor NAYCC U10 Girls"]
[Site "Windsor"]
[Date "2016.08.11"]
[Round "9.162"]
[White "Yeung, Sydney"]
[Black "Surya, Dania"]
[Result "1/2-1/2"]
[WhiteElo "742"]
[BlackElo "626"]
[PlyCount "65"]
[EventDate "2016.08.07"]
[EventType "swiss"]
[EventRounds "9"]
[EventCountry "CAN"]
[SourceTitle "EXT 2022"]
[Source "ChessBase"]
[SourceDate "2021.10.06"]
[SourceVersion "1"]
[SourceVersionDate "2021.10.06"]
[SourceQuality "1"]

1. e4 d5 2. exd5 Qxd5 3. Nc3 Qa5 4. Nf3 Bg4 5. Bb5+ Nc6 6. Bxc6+ bxc6 7. h3 Qh5 8. d3 e6 9. a3 Bd6 10. Qe2 Bf5 11. g4 Bxg4 12. Bd2 Ne7 13. Qe3 0-0 14. Nh2 Bf5 15. Qg5 Qxg5 16. Bxg5 Bxh3 17. Bxe7 Bxe7 18. 0-0-0 Bg5+ 19. Kb1 Rab8 20. Ka1 Rb6 21. Nf3 Bf6 22. Rxh3 Bxc3 23. bxc3 Rfb8 24. Ka2 Rb2+ 25. Ka1 Rxc2 26. Rb1 Rxb1+ 27. Kxb1 Rxc3 28. Ne5 Rxa3 29. Nxc6 a5 30. Kb2 Ra4 31. Kb3 Rf4 32. f3 a4+ 33. Ka3 1/2-1/2

[Event "Windsor NAYCC U10 Girls"]
[Site "Windsor"]
[Date "2016.08.09"]
[Round "4.159"]
[White "Surya, Dania"]
[Black "Vo, Andy"]
[Result "1-0"]
[WhiteElo "626"]
[BlackElo "914"]
[PlyCount "41"]
[EventDate "2016.08.07"]
[EventType "swiss"]
[EventRounds "9"]
[EventCountry "CAN"]
[SourceTitle "EXT 2022"]
[Source "ChessBase"]
[SourceDate "2021.10.06"]
[SourceVersion "1"]
[SourceVersionDate "2021.10.06"]
[SourceQuality "1"]

1. e4 e5 2. d4 exd4 3. c3 dxc3 4. Bc4 Nf6 5. Nxc3 Bb4 6. Bxf7+ Kxf7 7. Qb3+ d5 8. Qxb4 dxe4 9. Bg5 Bf5 10. Nge2 Re8 11. 0-0 Kg8 12. Rfe1 Nc6 13. Qxb7 Na5 14. Qb5 c6 15. Qxf5 Rf8 16. Qe6+ Rf7 17. Nxe4 h6 18. Nxf6+ Kh8 19. Qxf7 Rb8 20. Nf4 Rxb2 21. Ng6# 1-0

[Event "CAN-ch U10 Girls"]
[Site "Windsor"]
[Date "2016.07.06"]
[Round "3.107"]
[White "Lin, Angela"]
[Black "Surya, Dania"]
[Result "1-0"]
[WhiteElo "1203"]
[BlackElo "627"]
[PlyCount "123"]
[EventDate "2016.07.05"]
[EventType "swiss"]
[EventRounds "7"]
[EventCountry "CAN"]
[SourceTitle "EXT 2022"]
[Source "ChessBase"]
[SourceDate "2021.10.06"]
[SourceVersion "1"]
[SourceVersionDate "2021.10.06"]
[SourceQuality "1"]

1. d4 d5 2. Nf3 Nc6 3. c4 dxc4 4. e3 Qd5 5. Qe2 Be6 6. Nc3 Qa5 7. Nd2 Nf6 8. Nxc4 Bxc4 9. Qxc4 e6 10. a3 Qf5 11. Bd3 Qg5 12. 0-0 Bd6 13. e4 Qh5 14. e5 Ng4 15. h3 Ngxe5 16. dxe5 Qxe5 17. f4 Bc5+ 18. Kh1 Qh5 19. Qe4 0-0-0 20. Be3 Bxe3 21. Qxe3 Rhg8 22. Rad1 g5 23. fxg5 Qxg5 24. Qxg5 Rxg5 25. Bxh7 Ne5 26. Rxd8+ Kxd8 27. Rd1+ Ke7 28. Nb5 Nc4 29. Nxc7 Nxb2 30. Rb1 Nc4 31. Rxb7 Nxa3 32. Nb5+ Kf6 33. Nxa3 Kg7 34. Bc2 Rc5 35. Rxa7 Re5 36. Rd7 Kf6 37. Rd3 Kg5 38. Rg3+ Kh4 39. Rg4+ Kh5 40. Re4 Rxe4 41. Bxe4 f5 42. Bf3+ Kh4 43. Kg1 Kg3 44. Kf1 e5 45. Ke2 e4 46. Bxe4 fxe4 47. Kf1 e3 48. Ke2 Kxg2 49. h4 Kg3 50. h5 Kg4 51. h6 Kg5 52. h7 Kf5 53. h8Q Ke4 54. Qh5 Kd4 55. Nc2+ Kc3 56. Kxe3 Kxc2 57. Qh4 Kd1 58. Qf2 Kc1 59. Qd2+ Kb1 60. Kd3 Ka1 61. Kc3 Kb1 62. Qb2# 1-0